000 00738nam a22002177a 4500
005 20131023172159.0
010 _aB-495559-569
020 _a9789350513354
_c798.00
035 _aB-495559-569
037 _bHPH/Ven
_adpl
082 _a658.1511
100 _aMadegowda, J.
245 _aAdvanced management accounting /
_cby J. Madegowda
250 _a2nd ed
260 _aMumbai
_bHimalaya Publishing House
_c2012
270 _aRamdoot, Dr. Bhalerao Marg, Girgaon
_bMumbai
_e400004
300 _a953p.
_c30cm(pbk)
500 _aincludes index and bibliographical references
942 _2ddc
_cEN
_kMAD
_h658.1511
999 _c79678
_d79678